Taylor Swift - Guess by first verses - Statistics

General Stats
  • This quiz has been taken 63 times
  • The average score is 15 of 20
Answer Stats
Hint Answer % Correct
It feels like a perfect night To dress up like hipsters 22
100%
This ain't for the best My reputation's never been worse, so You must like me for me Delicate
92%
He said, "Let's get out of this town Drive out of the city, away from the crowds" Wildest Dreams
90%
My castle crumbled overnight I brought a knife to a gunfight Call It What You Want
88%
Baby love, I think I've been a little too kind Didn't notice you walking all over my peace of mind Bejeweled
85%
My love was as cruel as the cities I lived in Everyone looked worse in the light Daylight
85%
Green was the color of the grass Where I used to read at Centennial Park invisible string
85%
I'm doing good, I'm on some new shit Been saying "yes" instead of "no" the 1
83%
You know I adore you I'm crazier for you Miss Americana & The Heartbreak Prince
81%
We were in the backseat Drunk on something stronger Than the drinks in the bar Cornelia Street
77%
You were in college, working part-time, waiting tables Left a small town, never looked back Mine
77%
Staring at the ceiling with you Oh, you don't ever say too much Lavender Haze
75%
Did you really beam me up? In a cloud of sparkling dust Down Bad
73%
Was any of it true? Gazing at me starry-eyed The Smallest Man Who Ever Lived
71%
Walkin' through a crowd, the village is aglow Kaleidoscope of loud heartbeats under coats Welcome To New York
69%
By all accounts, she almost drowned When she was six in frigid water The Bolter
67%
You say "I don't understand," and I say "I know you don't" We thought a cure would come through in time, now, I fear it won't You're Losing Me
67%
Lilac short skirt The one that fits me like skin Did your research you knew the price going in imgonnagetyouback
65%
Break my soul in two looking for you But you're right here coney island
56%
It's been a long time And seeing the shape your name Still spells out pain closure
40%
No matching quizzes found
Score Distribution
Percent of People with Each Score
Percentile by Number Answered
Your Score History
You have not taken this quiz